Functional anatomy for emergency medical services / (Record no. 1332)

000 -LEADER
fixed length control field 03168cam a22005894a 4500
003 - CONTROL NUMBER IDENTIFIER
control field OSt
005 - DATE AND TIME OF LATEST TRANSACTION
control field 20210625094033.0
008 - FIXED-LENGTH DATA ELEMENTS--GENERAL INFORMATION
fixed length control field 010712s2002 nyua 001 0 eng
020 ## - INTERNATIONAL STANDARD BOOK NUMBER
International Standard Book Number 0766827577
020 ## - INTERNATIONAL STANDARD BOOK NUMBER
International Standard Book Number 9780766827578
040 ## - CATALOGING SOURCE
Transcribing agency DLC
042 ## - AUTHENTICATION CODE
Authentication code pcc
050 10 - LIBRARY OF CONGRESS CALL NUMBER
Classification number QM23.2
Item number .S367 2002
060 00 - NATIONAL LIBRARY OF MEDICINE CALL NUMBER
Classification number 2004 B-248
060 10 - NATIONAL LIBRARY OF MEDICINE CALL NUMBER
Classification number QS 4
Item number S425f 2002
100 1# - MAIN ENTRY--PERSONAL NAME
Personal name Scott, Ann Senisi,
Dates associated with a name 1935-
245 10 - TITLE STATEMENT
Title Functional anatomy for emergency medical services /
Statement of responsibility, etc. Ann Senisi Scott, Elizabeth Fong ; edited by Richard W.O. Beebe.
260 ## - PUBLICATION, DISTRIBUTION, ETC.
Place of publication, distribution, etc. Clifton Park, NY :
Name of publisher, distributor, etc. Delmar,
Date of publication, distribution, etc. �2002.
300 ## - PHYSICAL DESCRIPTION
Extent xiii, 450 pages :
Other physical details color illustrations ;
Dimensions 26 cm +
Accompanying material 1 CD-ROM (4 3/4 in.)
336 ## - CONTENT TYPE
Content type term text
Content type code txt
Source rdacontent
337 ## - MEDIA TYPE
Media type term unmediated
Media type code n
Source rdamedia
338 ## - CARRIER TYPE
Carrier type term volume
Carrier type code nc
Source rdacarrier
500 ## - GENERAL NOTE
General note Includes index.
504 ## - BIBLIOGRAPHY, ETC. NOTE
Bibliography, etc. note Book is accompanied by one CD bearing the same call number and available at Makmal Multimedia, Perpustakaan Perubatan.
650 #0 - SUBJECT ADDED ENTRY--TOPICAL TERM
Topical term or geographic name entry element Human anatomy.
650 #0 - SUBJECT ADDED ENTRY--TOPICAL TERM
Topical term or geographic name entry element Human physiology.
650 #0 - SUBJECT ADDED ENTRY--TOPICAL TERM
Topical term or geographic name entry element Emergency medical technicians.
650 12 - SUBJECT ADDED ENTRY--TOPICAL TERM
Topical term or geographic name entry element Anatomy.
650 22 - SUBJECT ADDED ENTRY--TOPICAL TERM
Topical term or geographic name entry element Physiology.
650 22 - SUBJECT ADDED ENTRY--TOPICAL TERM
Topical term or geographic name entry element Emergency Medical Technicians
General subdivision education.
650 #7 - SUBJECT ADDED ENTRY--TOPICAL TERM
Topical term or geographic name entry element Emergency medical technicians.
Source of heading or term fast
Authority record control number or standard number (OCoLC)fst00908603
650 #7 - SUBJECT ADDED ENTRY--TOPICAL TERM
Topical term or geographic name entry element Human anatomy.
Source of heading or term fast
Authority record control number or standard number (OCoLC)fst00962785
650 #7 - SUBJECT ADDED ENTRY--TOPICAL TERM
Topical term or geographic name entry element Human physiology.
Source of heading or term fast
Authority record control number or standard number (OCoLC)fst00963183
700 1# - ADDED ENTRY--PERSONAL NAME
Personal name Fong, Elizabeth,
Dates associated with a name 1947-
700 1# - ADDED ENTRY--PERSONAL NAME
Personal name Beebe, Richard W. O.
910 ## - USER-OPTION DATA (OCLC)
User-option data UclaCollMgr MonosBKS19992002 20210421
910 ## - USER-OPTION DATA (OCLC)
User-option data blr 030102
910 ## - USER-OPTION DATA (OCLC)
User-option data MARS
942 ## - ADDED ENTRY ELEMENTS (KOHA)
Source of classification or shelving scheme
Koha item type Book
Suppress in OPAC DO
Holdings
Withdrawn status Lost status Source of classification or shelving scheme Damaged status Not for loan Permanent Location Current Location Shelving location Date acquired Total Checkouts Full call number Barcode Date last seen Date last checked out Price effective from Koha item type Public note
          AU LIBRARY AU LIBRARY Open Shelf 25.06.2021 10 QM23.2 .S367 2002 28003145 02.05.2024 26.04.2024 25.06.2021 Book DO

Powered by Koha